|
|
|
|
| LEADER |
01856nam a2200421 a 4500 |
| 001 |
000766289 |
| 003 |
CZ BrMZK |
| 005 |
20160718121805.0 |
| 007 |
ta |
| 008 |
050310s2004 xr ad erp 000 0 cze d |
| 015 |
|
|
|a cnb001527218
|
| 020 |
|
|
|a 80-85960-83-4
|q (brož.) :
|c Kč 188,50
|
| 035 |
|
|
|a (OCoLC)85139912
|
| 040 |
|
|
|a BOA001
|b cze
|
| 072 |
|
7 |
|a 623
|x Vojenská technika
|2 Konspekt
|9 19
|
| 072 |
|
7 |
|a 37.016
|x Učební osnovy. Vyučovací předměty. Učebnice
|2 Konspekt
|9 22
|
| 080 |
|
|
|a 623.52
|2 MRF
|
| 080 |
|
|
|a 623.41/.44
|2 MRF
|
| 080 |
|
|
|a (075.8)
|2 MRF
|
| 100 |
1 |
|
|a Plíhal, Bohumil,
|d 1931-2020
|7 mzk2005273184
|4 aut
|
| 245 |
1 |
0 |
|a Vnitřní balistika hlavňových zbraní :
|b učebnice /
|c Bohumil Plíhal, Stanislav Beer, Luděk Jedlička
|
| 260 |
|
|
|a Brno :
|b Univerzita obrany,
|c 2004
|
| 300 |
|
|
|a 344 s. :
|b il., grafická znázornění ;
|c 29 cm
|
| 500 |
|
|
|a Nad názvem: Univerziza obrany. Katedra zbraňových systémů U-1378
|
| 500 |
|
|
|a Terminologický slovník
|
| 500 |
|
|
|a Dostupné též v digitální podobě v aplikaci Kramerius
|
| 650 |
0 |
7 |
|a vnitřní balistika
|7 ph285329
|2 czenas
|
| 650 |
0 |
7 |
|a hlavňové zbraně
|7 ph285330
|2 czenas
|
| 655 |
|
7 |
|a učebnice vysokých škol
|7 fd133772
|2 czenas
|
| 700 |
1 |
|
|a Beer, Stanislav,
|d 1951-
|7 mzk2005273183
|4 aut
|
| 700 |
1 |
|
|a Jedlička, Luděk,
|d 1974-
|7 mzk2005273182
|4 aut
|
| 710 |
2 |
|
|a Univerzita obrany.
|b Katedra zbraňových systémů
|7 kn20050209005
|
| 856 |
4 |
1 |
|u http://www.digitalniknihovna.cz/mzk/uuid/uuid:20eca1a0-3d22-11e6-ab2f-005056827e52
|y Digitalizovaný dokument
|x NDK
|
| 910 |
|
|
|a BOA001
|b 3-1148.501
|
| 990 |
|
|
|a BK
|
| 991 |
|
|
|b 200504
|c NOV
|
| 996 |
6 |
|
|b 2610243927
|c 3-1148.501
|l MZK
|r Sklad / do 1 hodiny
|n 3
|p p.v.
|w 000766289
|u 000010
|a 1
|e BOA001
|j MZK50
|s P
|
| 996 |
7 |
|
|b 2610243928
|c 3-1148.501
|l MZK
|r Sklad / do 1 hodiny
|n 13
|p p.v.
|w 000766289
|u 000020
|a 1
|e BOA001
|j MZK50
|s A
|